000 00334nab a22001097u 4500
008 130520b1986 xxu||||| |||| 00| 0 spa d
041 _aspa
100 1 _aAlfaro Jimenez, Juan
_923400
245 0 0 _aDios protege y libera a los pobres
_cJuan Alfaro Jimenez
773 0 _tConcilium
_gV.2,1986,págs.197-207
_x0210-1041
_wRev134
942 _cAR
999 _c355220
_d355220